ნორმალური ფორმატი
MARC ფორმატი
ჩანაწერი Personal Name
ჩანაწერთა რაოდენობა, რომელიც გამოყენებულია: 1
001 - CONTROL NUMBER
- control field: 4806
003 - CONTROL NUMBER IDENTIFIER
- control field: GE_BSU
005 - DATE AND TIME OF LATEST TRANSACTION
- control field: 20191017164406.0
008 - FIXED-LENGTH DATA ELEMENTS
- fixed length control field: 191017|| aca||aabn | a|a d
040 ## - CATALOGING SOURCE
- Original cataloging agency: GE_BSU
- Transcribing agency: GE_BSU
100 ## - HEADING--PERSONAL NAME
- Personal name: ბუკია, მიქაელ (მახარე)
670 ## - SOURCE DATA FOUND
- Source citation: Work cat.: (GE_BSU): ბუკია, მიქაელ (მახარე), წმიდა მღვდელმოწამე კირიონი გაზეთ ,, ივერიის" ფურცლებზე (1887-1905) /
